| 000 | 00877nam a22002417a 4500 | ||
|---|---|---|---|
| 005 | 20170124110225.0 | ||
| 010 | _aA-576010 | ||
| 020 | _c00.00 | ||
| 035 | _aA-576010 | ||
| 037 | _bCen Lib/Ret | ||
| 040 |
_aDPL _bEN |
||
| 082 |
_a343.09943 _bMUT |
||
| 100 |
_aMuthuswamy _9105137 |
||
| 245 |
_aSwamy's treatise on telephone rules with act, rules, orders, digest, guidelines and case-law : _cby Muthuswamy [and] Brinda _bincorporating orders recieved up to 1st November,1992 / |
||
| 250 | _a2nd ed. | ||
| 260 |
_aMadras _bSwamy Publishers _c1993 |
||
| 270 |
_aSandhya Mansions, 164, R.K.Mutt Road, Post Box No.2468, Raja Annamalaipuram _bMadras _e600 028 |
||
| 300 |
_axxxvi, 831p. _c21cm(Hb) |
||
| 650 |
_aIndian telegraph rules _940646 |
||
| 650 |
_aTelephone -- connections _940647 |
||
| 700 |
_aBrinda _939133 |
||
| 942 |
_2ddc _cEN _h343.09943 _mMUT |
||
| 999 |
_c134406 _d134406 |
||